00677cam a22002051a 450000100060000000300080000600500170001400800390003103500190007003500200008904000330010904100080014208200270015010000260017724500710020326000940027430000280036865100340039665100410043036433BD-RjUL20211209052503.0140623s1964 pk ab 000 0 eng a(BD-RjUL)36530 a(OCoLC)10372598 aDLCcCSfStdWUdBD-RjULbeng aeng bAFR 1964a306.852054911 aAfsaruddin, Mohammad.10aRural life in East Pakistan :ba study of five selected villages / aDacca :bSocial Science Research Project, Dept. of Sociology, University of Dacca,c1964. a82 p. :bill. ;c22 cm. 0aBangladeshxRural conditions. 0aBangladeshxSocial life and customs.